00849nam a22002177a 450000100060000000300080000600500170001400800410003103500190007204000350009104100080012608200260013410000270016024501510018726000800033830000310041850200880044950400340053765000290057170000310060080973BD-RjUL20221215150222.0221215s2004 bg a|||| m||| 00| 0 eng d a(BD-RjUL)80973 aBD-RjULbengcBD-RjULdBD-RjUL aeng 223a616.579bSID 2004 aSiddique, Md. Abdullah10aDermatomycoses with special reference to the casual organisms and clinical manifestation / cBy Md. Abdullah Siddique ;6Supervisor : M. Shah Alam aRajshahi :bInstitute of Biological Sciences, University of Rajshahi,c2004 a[9], 157 :bill, ;c29.cm. aThesis : (Ph. D.) -- Institute of Biological Sciences, University of Rajshahi, 2004 aReferences : Leaves 106 - 120 aDermatomycosesvDiseases aAlam, M. Shah, Supervisor